1550 1878 1588 1436 1413 1575 1669 1414 1409 1109 1585 1962 1836 1168 1889 1544 1386 1077 1116 1438 1843 1282 1302 1392 1866 1106 1219 1787 1934 1056 1023 1261 1022 1384 1851 1668 1835 1204 1647 1849 1097 1963 1023 1373 1705 1780 1030 1137 1379 1191 1343 1924 1809 1315 1725 1968 1119 1140 1679 1101 1943 1111 1922 1025 1769 1530 1076 1290 1581 1340 1770 1128 1237 1033 1782 1299 1015 1697 1659 1236 1940 1540 1218 1901 1436 1105 1549 1095 1502 1703 1263 1007 1412 1215 1427 1498 1216 1383 1869 BCNSPRNW ULIB Ver.6.0+V

เปลี่ยนเป็นภาษาไทย

Change to English
 แสดงรายละเอียดบรรณานุกรม
  กลับหน้าหลัก

Brief Record : Get Marc (ISO 2709) : E-mail record : QR code < ปิดหน้าต่าง
LEADER : 00000nam 2200000uu 4500
001    13399113595
003     ULIB
008    110221s2552||||th 000 0 tha d
020    9786165510431
060 04 WS420^bน315ป 2552
245 00 ปัญหาที่พบบ่อยในเด็ก :^bแนวทางการดูแลรักษา /^cนวลจันทร์ปราบพาล ... [และคนอื่นๆ] บรรณาธิการ
250    พิมพ์ครั้งที่ 2
260    กรุงเทพฯ :^bภาควิชากุมารเวชศาสตร์ คณะแพทยศาสตร์จุฬาลงกรณ์มหาวิทยาลัย,^c2552
300    x, 774 หน้า :^bภาพประกอบ ;^c21 ซม.
650  7 กุมารเวชศาสตร์
650  7 เด็ก^xการดูแล
650  7 เด็ก^xสุขภาพและอนามัย
650  7 เด็ก, โรค^xการป้องกันและรักษา
700 0  นวลจันทร์ ปราบพาล,^eบรรณาธิการ
710 2  จุฬาลงกรณ์มหาวิทยาลัย. ^bคณะแพทยศาสตร์.^bภาควิชากุมารเวชศาสตร์
945    ^p0^l0^i021243
945    ^p0^l0^i021244
995    ทศพร
999 ^a ใช้งานได้ทุกระบบ
รายการนี้ยังไม่มีแท็ก
คุณยังไม่ได้ล็อกอิน คุณสามารถมีกิจกรรมร่วมกับเว็บไซต์ได้ แต่ต้องล็อกอินก่อน ::
  ล็อกอิน

รายการสื่อสารสนเทศ

ลำดับที่ ประเภท เลขเรียก/บาร์โค้ด สถานที่ สถานะ
- ไม่พบข้อมูล -

รายการใกล้เคียง
    หัวเรื่อง [กุมารเวชศาสตร์]
    หัวเรื่อง [เด็ก การดูแล]

BibComment


ยังไม่เคยถูกคอมเมนท์

คอมเมนท์ทรัพยากรรายการนี้
  คอมเมนท์: ปัญหาที่พบบ่อยในเ..


 Copyright 2026. Bcnsprnw @Library